LEADER 01174nab a2200301 i 4500
001 publ8325
005 20221121103007.0
008 160706s2015 hu o 0|| angol d
020 |a 9781628417203 
022 |a 0277-786X 1996-756X 
024 7 |a 10.1117/12.2190835  |2 doi 
024 7 |a 2968552  |2 mtmt 
040 |a SZTE Publicatio Repozitórium  |b hun 
041 |a angol 
100 1 |a Steuwe Christian 
245 1 0 |a Visualisation of plasmonic fields at the nanoscale with single molecule localisation microscopy  |h [elektronikus dokumentum] /  |c  Steuwe Christian 
260 |c 2015 
300 |a 5 
490 0 |a PROCEEDINGS OF SPIE - THE INTERNATIONAL SOCIETY FOR OPTICAL ENGINEERING  |v 9554 
490 0 |a Proceedings of SPIE - The International Society for Optical Engineering: Nanoimaging and Nanospectroscopy III.  |v 9554 
650 4 |a Fizikai tudományok 
700 0 1 |a Erdélyi Miklós  |e aut 
700 0 1 |a Szekeres Gábor  |e aut 
700 0 2 |a Czirjákné Csete Mária  |e aut 
700 0 2 |a Baumberg Jeremy J.  |e aut 
700 0 2 |a Mahajan Sumeet  |e aut 
700 0 2 |a Kaminski Clemens F.  |e aut 
856 4 0 |u http://publicatio.bibl.u-szeged.hu/8325/1/MCsete_SPIE_2015.pdf  |z Dokumentum-elérés